Normal view
MARC view
- Sánchez Moncada, Olga Marlene
Entry Nombre Personal
001 - NUMERO DE CONTROL
- campo de control: 59228
003 - IDENTIFICADOR DE NUMERO DE CONTROL
- campo de control: MX-MxUPN
005 - FECHA Y HORA DE LA ÜLTIMA TRANSACCIÓN
- campo de control: 20260409111446.0
008 - DATOS DE LONGITUD FIJA
- campo de control de longitud fija: 230616|n acannaabn a aaa d
010 ## - NÚMERO DE CONTROL DE LA BIBLIOTECA DEL CONGRESO
- Número de control LC: no2023069123
035 ## - NUMERO DE CONTROL
- Número de control: (OCoLC)oca15406162
040 ## - FUENTE DE CATALOGACIÓN
- Agencia original de catalogación: CSt
- Lenguaje de catalogación: spa
- Description conventions: rda
- Agencia de transcripción: MX-MxUPN
100 1# - ENCABEZAMIENTO - NOMBRE PERSONAL
- Nombre personal: Sánchez Moncada, Olga Marlene
373 ## - GRUPO ASOCIADO
- Associated group: Universidad Pedagógica Nacional (Colombia). Departamento de Ciencias Sociales
- Fuente del término: naf
374 ## - OCUPACIÓN
- Occupation: College teachers
- Fuente del término: lcsh
377 ## - LENGUA ASOCIADA
- Language code: spa
400 1# - VEÁSE - NOMBRE DE PERSONA
- Personal name: Moncada, Olga Marlene Sánchez
400 1# - VEÁSE - NOMBRE DE PERSONA
- Personal name: Sánchez, Olga M.
- Fuller form of name: (Olga Marlene)
670 ## - FUENTE EN LA QUE SE LOCALIZARON DATOS
- Cita de la fuente: Estudios del paramilitarismo, 2023:
- Información localizada: portada (Olga Marlene Sánchez Moncada) lomo (Olga M. Sánchez) página 253 (profesora en el Departamento de Ciencias Sociales de la Universidad Pedagógica Nacional; doctora en historia por la Universidad Nacional de Colombia)
670 ## - FUENTE EN LA QUE SE LOCALIZARON DATOS
- Cita de la fuente: Estudios del paramilitarismo. Análisis regionales e investigaciones acerca de la subjetividad paramilitar, 2023 :
- Información localizada: portada (Olga Marlene Sánchez Moncada)
- Uniform Resource Identifier: http://hdl.handle.net/20.500.12209/18433
902 ## - CATALOGADOR
- Catalogador: JohanaAllegre/090426
